Golden- Huntrix, Kpop demon Hunters - English lyrics only - Statistics

General Stats
  • This quiz has been taken 362 times
  • The average score is 224 of 290
Answer Stats
Answer % Correct
I
100%
a
99%
was
95%
alone
93%
be
92%
be,
92%
ghost,
91%
to
91%
I’m
88%
no
88%
golden
86%
the
86%
we
86%
born
85%
hidin’,
85%
hidin’
85%
how
85%
like
85%
now
85%
that
85%
know
84%
shinin’
84%
up,
84%
up
84%
me
83%
believe
81%
done
81%
our
81%
queen
81%
but
80%
didn’t
80%
moment
80%
we’re
80%
goin’
78%
gonna
78%
got
78%
live
78%
meant
78%
child,
77%
getting
77%
it’s
77%
that’s
77%
voices
77%
both
76%
too
76%
’cause
75%
my
74%
paid,
74%
problem
74%
sides
74%
two
74%
wild
74%
throne,
73%
find
72%
lives,
72%
(oh,
72%
oh)
72%
oh,
72%
(oh)
72%
own
71%
you
71%
called
70%
couldn’t
70%
given
70%
place
70%
so
69%
strong
67%
are
66%
glowin’
66%
lived
66%
play
66%
hunters,
64%
with
64%
and
62%
And
62%
far
62%
on
61%
stage
61%
tried
59%
who
59%
together
58%
came
57%
lies
57%
fears,
55%
glowing
54%
in
54%
time,
54%
(ah)
53%
more
53%
all
52%
hiding,
51%
see
51%
dreamin’
50%
girl
50%
I’ll
50%
hard,
49%
they
49%
shining
48%
patterns
47%
these
47%
long
46%
(Hah)
45%
(hah)
45%
past
45%
walls
45%
break
44%
feel
43%
waited
43%
down
42%
finally
39%
wake
39%
put
34%
No matching quizzes found
Score Distribution
Percent of People with Each Score
Percentile by Number Answered
Your Score History
You have not taken this quiz